[Event "Sant Boi op"]
[Site "?"]
[Date "1998.??.??"]
[Round "1"]
[White "Sulleva Baiget Alex"]
[Black "Gonzalez Rodriguez Jorge"]
[Result "0-1"]
[WhiteElo "2145"]
[BlackElo "2450"]
[PlyCount "122"]
[EventDate "1998.??.??"]
[Source "www.chesslib.no"]
[SourceDate "2004.05.04"]

1. e4 e5 2. Nf3 Qe7 3. Nc3 c6 4. d3 h6 5. Be3 Nf6 6. d4 d6 7. h3 g5 8. Bd3 Nbd7 9. Qe2 Bg7 10. dxe5 Nxe5 11. Nxe5 Qxe5 12. g3 g4 13. Bf4 Qe7 14. hxg4 Nxg4 15. f3 Ne5 16. Qe3 b5 17. Rh5 b4 18. Ne2 c5 19. Bb5+ Kd8 20. Rd1 Kc7 21. Rd5 Kb6 22. Bxe5 Bxe5 23. Qd3 Kc7 24. f4 Bxb2 25. e5 dxe5 26. fxe5 Be6 27. Nf4 Rad8 28. Qe4 Kb8 29. Rxd8+ Qxd8 30. Nxe6 fxe6 31. Qd3 Bd4 32. Bc6 Qb6 33. Bf3 Rd8 34. Kf1 c4 35. Qxc4 Bg1 36. Qe2 Be3 37. Qc4 Rd2 38. Be2 Bg5 39. Rh2 Rd4 40. Qb3 Qc6 41. Bf3 Qb5+ 42. Re2 Rc4 43. Qd3 Be7 44. Qg6 Qd7 45. Kg2 Bg5 46. Be4 Qe7 47. Rf2 Rc7 48. Qh5 a6 49. Bd3 Ka7 50. Qe2 Qc5 51. Qf3 Kb6 52. Qe2 a5 53. Qe4 a4 54. Qg4 Qd5+ 55. Kh2 Be7 56. Rf7 Bc5 57. Rxc7 Kxc7 58. Bc4 Qxe5 59. Bxe6 Bd6 60. Bc8 Qxg3+ 61. Kh1 Qh2# 0-1

[Event "4. Copa Itau"]
[Site "?"]
[Date "2000.10.16"]
[Round "1"]
[White "Tsuboi Edson Kenji"]
[Black "Pinheiro Jose P"]
[Result "1-0"]
[WhiteElo "2307"]
[BlackElo "2288"]
[PlyCount "46"]
[EventDate "2000.??.??"]
[Source "www.chesslib.no"]
[SourceDate "2004.05.04"]

1. e4 e5 2. Nf3 Qe7 3. Bc4 d6 4. Nc3 c6 5. a4 Bg4 6. h3 Bxf3 7. Qxf3 Nf6 8. d3 Nbd7 9. Be3 g6 10. g4 Bg7 11. O-O-O O-O 12. h4 h5 13. gxh5 Nxh5 14. Ne2 Nb6 15. Bb3 d5 16. a5 Nd7 17. exd5 Qb4 18. dxc6 Ndf6 19. Rdg1 e4 20. dxe4 Qxa5 21. Rxg6 Qa1+ 22. Kd2 Rad8+ 23. Bd4 Qxb2 1-0